| 000 | 00541nam a2200169 a 4500 | ||
|---|---|---|---|
| 005 | 20260427132503.0 | ||
| 008 | 260416s2026##################000#0#eng## | ||
| 020 |
_a9780406000262 _qHBK |
||
| 041 | _aEng | ||
| 082 | 0 | 4 | _a348.42 ALL.4 |
| 100 | _aBridgman L,G.F | ||
| 245 | 1 | 0 |
_aThe All England Law Reports Reprint _bBeing a Selection from the Law Times Reports 1843-1935 _cG.F.L. Bridgman |
| 260 |
_aUnited Kingdom _bButterworth and Co. LTD _c1964 |
||
| 300 |
_a1002p. : _c22cm. |
||
| 650 | _a Laws, regulations & cases | ||
| 942 | _cENGLISH | ||
| 999 |
_c619550 _d619550 |
||